Karty w talii - nagła śmierć - Statystyki

Ogólne statystyki
  • Ten quiz został rozwiązany 111 razy
  • Średni wynik to 11 z 14
Answers on the Grid
Answers color-coded by a green-red scale on the quiz's grid according to % correct below.
2
3
4
5
6
7
8
9
10
Król
Dama
As
Walet
Joker
1
11
0
12
Biskup
Książę
 
Statystyki odpowiedzi
Odpowiedź % Poprawnych
Król
86%
10
84%
8
84%
As
84%
Dama
84%
Walet
84%
6
82%
4
81%
9
81%
Joker
81%
2
80%
3
78%
5
78%
7
78%
Nie znaleziono quizów pasujących do podanych kryteriów
Rozkład punktacji
Procent ludzi z każdym wynikiem
Percentyl według liczby udzielonych odpowiedzi
Twoja historia wyników
Nie rozwiązałeś tego quizu